[Event "Torneo de Ronda Jovenes Promesas 2007"]
[Site "Ronda ESP"]
[Date "2007.11.03"]
[Round "6.4"]
[White "Paz Ladron de Guevara, Daniel"]
[Black "Reyes, Juan"]
[Result "1/2-1/2"]
[WhiteElo "2362"]
[BlackElo "2450"]
[PlyCount "46"]
[EventDate "2007.10.31"]
[EventType "tourn"]
[EventRounds "9"]
[EventCountry "ESP"]
[EventCategory "3"]
[Source "lmi"]
[SourceDate "2007.10.31"]

1. e4 e5 2. Nc3 Nf6 3. Nf3 Nc6 4. g3 Bb4 5. Nd5 Bc5 6. Bg2 d6 7. O-O Bg4 8. h3
Be6 9. c3 Nxd5 10. exd5 Bxd5 11. d4 Bb6 12. dxe5 dxe5 13. Qa4 Qe7 14. Bg5 Qe6
15. Nxe5 Bxg2 16. Kxg2 O-O 17. Nf3 Rfe8 18. Rfe1 Qg6 19. Rad1 h6 20. Bf4 Re6
21. Rxe6 Qxe6 22. Re1 Qf5 23. Qe4 Qxe4 1/2-1/2

[Event "Torneo de Ronda Jovenes Promesas 2007"]
[Site "Ronda ESP"]
[Date "2007.11.03"]
[Round "6.5"]
[White "Naranjo Moreno, Antonio"]
[Black "Fernandez Siles, Luis"]
[Result "0-1"]
[WhiteElo "2255"]
[BlackElo "2310"]
[PlyCount "60"]
[EventDate "2007.10.31"]
[EventType "tourn"]
[EventRounds "9"]
[EventCountry "ESP"]
[EventCategory "3"]
[Source "lmi"]
[SourceDate "2007.10.31"]

1. e4 e5 2. Nf3 Nc6 3. Bb5 a6 4. Ba4 Nf6 5. O-O Be7 6. Re1 b5 7. Bb3 O-O 8. c3
d5 9. exd5 Nxd5 10. Nxe5 Nxe5 11. Rxe5 c6 12. d4 Bd6 13. Re1 Qh4 14. g3 Qh3 15.
Be3 Bg4 16. Qd3 Rae8 17. Nd2 Re6 18. Bxd5 cxd5 19. Qf1 Qh5 20. Qg2 Rfe8 21. a4
b4 22. Rec1 Bh3 23. Qf3 Bg4 24. Qg2 Rf6 25. Re1 Bh3 26. Qh1 Qf5 27. f4 Qd3 28.
Qf3 Rfe6 29. Nf1 Bxf1 30. Qxf1 Qxf1+ 0-1

[Event "Torneo de Ronda Jovenes Promesas 2007"]
[Site "Ronda ESP"]
[Date "2007.11.03"]
[Round "7.1"]
[White "Fernandez Siles, Luis"]
[Black "Arribas Lopez, Angel"]
[Result "1/2-1/2"]
[WhiteElo "2310"]
[BlackElo "2312"]
[PlyCount "31"]
[EventDate "2007.10.31"]
[EventType "tourn"]
[EventRounds "9"]
[EventCountry "ESP"]
[EventCategory "3"]
[Source "lmi"]
[SourceDate "2007.10.31"]

1. Nf3 Nf6 2. g3 g6 3. Bg2 Bg7 4. O-O O-O 5. c4 d6 6. Nc3 Nc6 7. d3 e5 8. Rb1
a5 9. a3 h6 10. b4 axb4 11. axb4 Be6 12. b5 Ne7 13. Bd2 Qc8 14. e4 Bh3 15. Nd5
Nexd5 16. cxd5 1/2-1/2

[Event "Torneo de Ronda Jovenes Promesas 2007"]
[Site "Ronda ESP"]
[Date "2007.11.03"]
[Round "7.2"]
[White "Reyes, Juan"]
[Black "Naranjo Moreno, Antonio"]
[Result "1-0"]
[WhiteElo "2450"]
[BlackElo "2255"]
[PlyCount "99"]
[EventDate "2007.10.31"]
[EventType "tourn"]
[EventRounds "9"]
[EventCountry "ESP"]
[EventCategory "3"]
[Source "lmi"]
[SourceDate "2007.10.31"]

1. e4 e5 2. Nf3 Nc6 3. Bb5 a6 4. Ba4 Nf6 5. d3 b5 6. Bb3 Be7 7. O-O O-O 8. a4
Rb8 9. axb5 axb5 10. Re1 d6 11. c3 Bg4 12. h3 Bh5 13. Nbd2 Ra8 14. Rxa8 Qxa8
15. Nf1 Qa1 16. g4 Bg6 17. Qc2 Rb8 18. Bg5 Qa6 19. Ne3 b4 20. Bc4 Qb7 21. Nd5
Nxd5 22. Bxd5 Bxg5 23. Nxg5 h6 24. Nf3 Qb6 25. Nh4 Kh7 26. Qe2 Ne7 27. Bc4 bxc3
28. bxc3 Qa5 29. Rc1 Qa3 30. Qe1 c6 31. Ra1 Qc5 32. Nf5 Bxf5 33. gxf5 f6 34.
Bf7 Rb7 35. Ra8 Rb2 36. Re8 d5 37. Qe3 Qxe3 38. fxe3 Rb7 39. Be6 dxe4 40. dxe4
g6 41. c4 Kg7 42. Kf2 c5 43. Kf3 Ra7 44. Kg4 Rb7 45. Ra8 Rb1 46. Ra7 gxf5+ 47.
exf5 Rg1+ 48. Kf3 Kf8 49. Ra8+ Kg7 50. Re8 1-0

[Event "Torneo de Ronda Jovenes Promesas 2007"]
[Site "Ronda ESP"]
[Date "2007.11.03"]
[Round "7.5"]
[White "Aroven, Mikael"]
[Black "Perez Pardo, Juan Carlos"]
[Result "0-1"]
[WhiteElo "2201"]
[BlackElo "2312"]
[PlyCount "118"]
[EventDate "2007.10.31"]
[EventType "tourn"]
[EventRounds "9"]
[EventCountry "ESP"]
[EventCategory "3"]
[Source "lmi"]
[SourceDate "2007.10.31"]

1. c4 c5 2. g3 Nc6 3. Bg2 g6 4. Nc3 Bg7 5. a3 e5 6. b4 d6 7. Rb1 Nge7 8. e3 O-O
9. Nge2 Be6 10. Nd5 Qd7 11. O-O Rab8 12. b5 Bxd5 13. cxd5 Na5 14. d3 c4 15. Bd2
cxd3 16. Bxa5 dxe2 17. Qxe2 b6 18. Bb4 f5 19. e4 Rbc8 20. Rbc1 Bh6 21. Rxc8
Rxc8 22. Bh3 Rf8 23. Ra1 Qc7 24. f3 Kf7 25. Ra2 Rc8 26. g4 Bf4 27. Bd2 Bxd2 28.
Qxd2 Qc1+ 29. Qxc1 Rxc1+ 30. Kf2 fxe4 31. fxe4 g5 32. a4 Nc8 33. Bf1 Ke7 34.
Ra3 Kf6 35. a5 bxa5 36. Rxa5 Rc7 37. Ra3 Nb6 38. Be2 Kg6 39. Ke3 Kf7 40. Kd2
Kf6 41. Rh3 Kg6 42. Rc3 Rxc3 43. Kxc3 Kf6 44. Kb4 Nd7 45. Bd3 Ke7 46. Ka5 Nc5
47. Bc2 Kd8 48. b6 a6 49. Ba4 Kc8 50. Be8 Kb7 51. Bc6+ Kb8 52. Be8 Nxe4 53.
Kxa6 Nf6 54. Bf7 e4 55. h4 e3 56. hxg5 e2 57. gxf6 e1=Q 58. g5 Qe2+ 59. Ka5
Qd2+ 0-1

[Event "Torneo de Ronda Jovenes Promesas 2007"]
[Site "Ronda ESP"]
[Date "2007.11.04"]
[Round "8.1"]
[White "Arribas Lopez, Angel"]
[Black "Perez Pardo, Juan Carlos"]
[Result "1/2-1/2"]
[WhiteElo "2312"]
[BlackElo "2312"]
[PlyCount "20"]
[EventDate "2007.10.31"]
[EventType "tourn"]
[EventRounds "9"]
[EventCountry "ESP"]
[EventCategory "3"]
[Source "lmi"]
[SourceDate "2007.10.31"]

1. e4 e6 2. d3 d5 3. Nd2 c5 4. Ngf3 Nc6 5. g3 g6 6. Bg2 Bg7 7. O-O Nge7 8. c3
O-O 9. Re1 Qc7 10. exd5 Nxd5 1/2-1/2

[Event "Torneo de Ronda Jovenes Promesas 2007"]
[Site "Ronda ESP"]
[Date "2007.11.04"]
[Round "8.2"]
[White "Minzer, Claudio Javier"]
[Black "Aroven, Mikael"]
[Result "1-0"]
[WhiteElo "2417"]
[BlackElo "2201"]
[PlyCount "61"]
[EventDate "2007.10.31"]
[EventType "tourn"]
[EventRounds "9"]
[EventCountry "ESP"]
[EventCategory "3"]
[Source "lmi"]
[SourceDate "2007.10.31"]

1. e4 c5 2. Nf3 g6 3. d4 cxd4 4. Qxd4 Nf6 5. e5 Nc6 6. Qa4 Nd5 7. Qe4 Nc7 8.
Bf4 Bg7 9. Nc3 b5 10. O-O-O b4 11. Nd5 Ne6 12. Bc4 Qa5 13. Kb1 Bb7 14. Bg3 Qc5
15. Bb3 O-O 16. h4 h6 17. h5 g5 18. c3 bxc3 19. Rc1 Rfe8 20. Rxc3 Qa5 21. Rd1
Rab8 22. Bc2 Ba8 23. Rb3 Nc5 24. Qh7+ Kf8 25. Nf6 exf6 26. exf6 Bxf6 27. Bd6+
Ne7 28. Qxh6+ Bg7 29. Bxe7+ Kxe7 30. Qd6+ Kd8 31. Rxb8# 1-0

[Event "Torneo de Ronda Jovenes Promesas 2007"]
[Site "Ronda ESP"]
[Date "2007.11.04"]
[Round "8.4"]
[White "Naranjo Moreno, Antonio"]
[Black "Lopez Gonzalez, Daniel"]
[Result "0-1"]
[WhiteElo "2255"]
[BlackElo "2176"]
[PlyCount "28"]
[EventDate "2007.10.31"]
[EventType "tourn"]
[EventRounds "9"]
[EventCountry "ESP"]
[EventCategory "3"]
[Source "lmi"]
[SourceDate "2007.10.31"]

1. e4 e5 2. Nf3 Nc6 3. Bb5 a6 4. Ba4 d6 5. d4 Bd7 6. c3 g6 7. Bg5 f6 8. Be3 Nh6
9. dxe5 dxe5 10. Qd5 Qe7 11. b4 O-O-O 12. Bc5 Qe8 13. b5 Be6 14. bxc6 b5 0-1

[Event "Torneo de Ronda Jovenes Promesas 2007"]
[Site "Ronda ESP"]
[Date "2007.11.04"]
[Round "9.3"]
[White "Alonso, Rene"]
[Black "Naranjo Moreno, Antonio"]
[Result "1/2-1/2"]
[WhiteElo "2395"]
[BlackElo "2255"]
[PlyCount "22"]
[EventDate "2007.10.31"]
[EventType "tourn"]
[EventRounds "9"]
[EventCountry "ESP"]
[EventCategory "3"]
[Source "lmi"]
[SourceDate "2007.10.31"]

1. e4 e5 2. Nf3 Nc6 3. Bb5 a6 4. Ba4 Nf6 5. d4 exd4 6. O-O Be7 7. Re1 O-O 8. e5
Nd5 9. Bb3 Nb6 10. Nxd4 Nxd4 11. Qxd4 c5 1/2-1/2

[Event "Torneo de Ronda Jovenes Promesas 2007"]
[Site "Ronda ESP"]
[Date "2007.11.04"]
[Round "9.4"]
[White "Aroven, Mikael"]
[Black "Paz Ladron de Guevara, Daniel"]
[Result "1-0"]
[WhiteElo "2201"]
[BlackElo "2362"]
[PlyCount "63"]
[EventDate "2007.10.31"]
[EventType "tourn"]
[EventRounds "9"]
[EventCountry "ESP"]
[EventCategory "3"]
[Source "lmi"]
[SourceDate "2007.10.31"]

1. c4 e5 2. g3 Nc6 3. Bg2 g6 4. b3 Bg7 5. Bb2 Nge7 6. Nc3 a6 7. d3 O-O 8. e3 b5
9. Nge2 Rb8 10. Nd5 Bb7 11. O-O Nxd5 12. cxd5 Ne7 13. e4 c6 14. d6 Nc8 15. d4
exd4 16. Bxd4 c5 17. Bxg7 Kxg7 18. Rc1 Qb6 19. e5 Bxg2 20. Kxg2 Qc6+ 21. Kg1
Nb6 22. Qd2 f6 23. Qe3 Rbe8 24. Rxc5 Rxe5 25. Rxe5 fxe5 26. Qxe5+ Rf6 27. Qe7+
Rf7 28. Qe5+ Rf6 29. Qe7+ Rf7 30. Qe3 Qxd6 31. Nf4 Nc8 32. Qc3+ 1-0

[Event "Torneo de Ronda Jovenes Promesas 2007"]
[Site "Ronda ESP"]
[Date "2007.11.04"]
[Round "9.5"]
[White "Perez Pardo, Juan Carlos"]
[Black "Minzer, Claudio Javier"]
[Result "1/2-1/2"]
[WhiteElo "2312"]
[BlackElo "2417"]
[PlyCount "20"]
[EventDate "2007.10.31"]
[EventType "tourn"]
[EventRounds "9"]
[EventCountry "ESP"]
[EventCategory "3"]
[Source "lmi"]
[SourceDate "2007.10.31"]

1. e4 e6 2. d4 d5 3. Nc3 Bb4 4. e5 c5 5. a3 Bxc3+ 6. bxc3 Qa5 7. Bd2 Qa4 8. Qg4
g6 9. Kd1 b6 10. Nf3 Ba6 1/2-1/2